Morality of Consent (Record no. 1170264)

MARC details
000 -LEADER
fixed length control field 00684nam a2200253Ia 4500
003 - CONTROL NUMBER IDENTIFIER
control field OSt
005 - DATE AND TIME OF LATEST TRANSACTION
control field 20221007095032.0
008 - FIXED-LENGTH DATA ELEMENTS--GENERAL INFORMATION
fixed length control field 221006b |||||||| |||| 00| 0 eng d
020 ## - INTERNATIONAL STANDARD BOOK NUMBER
International Standard Book Number 8175341145
037 ## - SOURCE OF ACQUISITION
Terms of availability Reference Collections
040 ## - CATALOGING SOURCE
Original cataloging agency LCO
Transcribing agency LCO
Language of cataloging eng
041 ## - LANGUAGE CODE
Source of code eng
Language code of text/sound track or separate title eng
100 ## - MAIN ENTRY--PERSONAL NAME
Personal name Bickel A.M.
9 (RLIN) 700712
245 #0 - TITLE STATEMENT
Title Morality of Consent
260 ## - PUBLICATION, DISTRIBUTION, ETC.
Place of publication, distribution, etc. Delhi
Name of publisher, distributor, etc. Universal Law Publishing Company India
Date of publication, distribution, etc. 1975
300 ## - PHYSICAL DESCRIPTION
Extent 156
650 ## - SUBJECT ADDED ENTRY--TOPICAL TERM
Topical term or geographic name entry element MORALITY OF CONSENT
9 (RLIN) 700713
942 ## - ADDED ENTRY ELEMENTS (KOHA)
Classification part Z0aR4, L5
Koha item type Reference
Holdings
Withdrawn status Lost status Damaged status Not for loan Home library Current library Date acquired Total Checkouts Full call number Barcode Date last seen Date last checked out Price effective from Koha item type
        Law Centre-I Library Law Centre-I Library 2022-10-07 1 Z0aR4 L5 LO1077465 2025-05-15 2025-05-06 2022-10-07 Reference
Copyright @ Delhi University Library System